| 000 | 01257cam a22002775a 4500 | ||
|---|---|---|---|
| 001 | L160160 | ||
| 008 | 180906s2018 xxk f 000 0 eng d | ||
| 035 | _a(Sirsi) u160160 | ||
| 041 | 0 | _aeng | |
| 245 | 0 | 0 |
_aNetwork Rail Infrastructure Ltd v Williams and Another _h[electronic resource] |
| 520 | _a2018] EWCA Civ 1514, 3 July 2018. Appeal against a CC decision allowing landowners to claim damages for encroachment of Japanese knotweed on their property potentially harimg its value. "Held" that claim for private nuisance for encroachment of invasive species should be based on loss of amenity and enjoyment rahter that loss of market value. "Appeal" dismissed. Claim upheld. | ||
| 590 | _aKA | ||
| 650 | 2 | 4 | _aJAPANESE KNOTWEED |
| 650 | 2 | 4 | _aINVASIVE SPECIES |
| 650 | 2 | 4 | _aPRIVATE NUISANCE |
| 650 | 0 | _aLOSS OF AMENITY | |
| 650 | 2 | 4 | _aLOSS OF ENJOYMENT |
| 650 | 2 | 4 | _aNETWORK RAIL INFRASTRUCTURE LTD V WILLIAMS V ANOTHER |
| 650 | 2 | 4 | _aJAPANESE KNOTWEED AND RESIDENTIAL PROPERTY |
| 650 | 2 | 4 | _aMARKET VALUE |
| 651 | 4 |
_aUnited Kingdom _y |
|
| 690 |
_aEnvironment _96238 |
||
| 690 |
_aValuation _96273 |
||
| 856 | 4 | 0 |
_uhttps://www.bailii.org/ew/cases/EWCA/Civ/2018/1514.html _zView the law report free of charge at www.bailii.org |
| 942 | _n0 | ||
| 999 |
_c116249 _d116249 |
||